000 01040cam a2200205 4500
001 WB@3612-763
008 040818n2004 000 0 eng u
035 _a(Sirsi) u127099
245 _aEuropean rural development
260 _c2004
490 _aDEFRA News Release
_v(326/04) 17 August 2004 (3)
520 _aThe Rural Affairs Minister has launched a web-based consultation seeking views on a number of issues surrounding new European proposals for driving rural development. The new regulation will form the basis of future rural development programmes across the EU from 2007 to 2013. The website for the consultation exercise is at: http://www.defra.gov.uk/rural/rdrconsultation and although the consultation closes on 12 November 2004, responses will be welcomed in advance of that. http://www.gnn.gov.uk/Content/Detail.asp?ReleaseID =126967&NewsAreaID=2
590 _aWB
590 _aWB
650 _aRURAL DEVELOPMENT
650 _aRURAL ECONOMY
650 _aEUROPEAN POLICY
690 _aRURAL
_96268
942 _n0
999 _c117860
_d117860